| 000 | 01553nam0a2200337 i 4500 | ||
|---|---|---|---|
| 001 | RU\NLR\BIBL_A\010528407 | ||
| 005 | 20241115075604.0 | ||
| 010 |
_a9785000075937 _92000 |
||
| 021 |
_aRU _b2014-67574 _94137 |
||
| 035 | _a(NILC)RuMoRGB-007547575 | ||
| 035 | _a(NLR Aleph) 010528407 | ||
| 090 |
_a10246282 _c10246282 |
||
| 100 | _a20141112d2014 u y0rusy50 ca | ||
| 101 | 0 | _arus | |
| 102 | _aRU | ||
| 105 | _aac||j|||000yy | ||
| 200 | 1 |
_aПеро Жар-птицы _eрусские народные промыслы _eучебное пособие для 3-4-х классов общеобразовательных организаций _eсоответствует Федеральному гос. образовательному стандарту _fВ. Р. Анищенков |
|
| 210 |
_aМосква _cРусское слово _d2014 |
||
| 215 |
_a76, [2] с. _cцв. ил., портр. _d26 |
||
| 225 | 1 | _aФГОС | |
| 225 | 1 | _aВнеурочная деятельность | |
| 517 | 1 | _aРусские народные промыслы | |
| 606 |
_aДекоративно-прикладное искусство русское _jУчебные издания для начальной школы _92582892 _3RU\NLR\AUTH\661526795 |
||
| 686 | 1 | _aЩ123(2Р=Рус)я72 | |
| 700 | 1 |
_aАнищенков _bВ. Р. _gВладимир Робертович |
|
| 801 | 0 |
_aRU _bРГБ _c20140905 _gRCR |
|
| 801 | 1 |
_aRU _bРГБ _c20140905 _2rusmarc |
|
| 942 | _cBOOK | ||
| 980 | _aNBR | ||